Michel Pastoureau, Rose. Histoire d’une couleur, Paris, Éd. Le Seuil, 2024, 189 pages (notice n° 1758823)
[ vue normale ]
| 000 -LEADER | |
|---|---|
| fixed length control field | 00530cam a2200145 4500500 |
| 005 - DATE AND TIME OF LATEST TRANSACTION | |
| control field | 20260322010724.0 |
| 041 ## - LANGUAGE CODE | |
| Language code of text/sound track or separate title | fre |
| 042 ## - AUTHENTICATION CODE | |
| Authentication code | dc |
| 100 10 - MAIN ENTRY--PERSONAL NAME | |
| Personal name | Bideaux, Rose K. |
| Relator term | author |
| 245 00 - TITLE STATEMENT | |
| Title | Michel Pastoureau, Rose. Histoire d’une couleur, Paris, Éd. Le Seuil, 2024, 189 pages |
| 260 ## - PUBLICATION, DISTRIBUTION, ETC. | |
| Date of publication, distribution, etc. | 2025.<br/> |
| 500 ## - GENERAL NOTE | |
| General note | 11 |
| 786 0# - DATA SOURCE ENTRY | |
| Note | Questions de communication | 47 | 1 | 2025-07-07 | p. 367-373 | 1633-5961 |
| 856 41 - ELECTRONIC LOCATION AND ACCESS | |
| Uniform Resource Identifier | <a href="https://shs.cairn.info/revue-questions-de-communication-2025-1-page-367?lang=fr&redirect-ssocas=7080">https://shs.cairn.info/revue-questions-de-communication-2025-1-page-367?lang=fr&redirect-ssocas=7080</a> |
Pas d'exemplaire disponible.




Réseaux sociaux